[Event "XXXIV Moglianoscacchi B"]
[Site "Mogliano Veneto ITA"]
[Date "2013.04.28"]
[Round "6"]
[White "Marchetti, Roberto"]
[Black "Pompili, Alberto"]
[WhiteElo "1758"]
[BlackElo "1803"]
[Result "1/2-1/2"]
[PlyCount "60"]
[EventDate "2013.04.25"]

1. e4 e6 2. d4 d5 3. Nd2 dxe4 4. Nxe4 Nd7 5. Nf3 Ngf6 6. Ng3 c5 7. c3 cxd4 8.
Nxd4 a6 9. Be2 Qc7 10. O-O Bd6 11. Bf3 Ne5 12. Re1 Nxf3+ 13. Qxf3 O-O 14. Nde2
Bd7 15. h3 Bc6 16. Qd3 Rad8 17. Qc2 Rfe8 18. Bg5 Be7 19. Nd4 Bd7 20. Ne4 Nxe4
21. Bxe7 Rxe7 22. Qxe4 Ree8 23. Re3 Bc8 24. Rg3 f6 25. Re1 Qf7 26. a3 e5 27.
Nf5 Bxf5 28. Qxf5 Re7 29. Rd3 Rxd3 30. Qxd3 Rd7 1/2-1/2

[Event "XXXIV Moglianoscacchi B"]
[Site "Mogliano Veneto ITA"]
[Date "2013.04.28"]
[Round "6"]
[White "Polese, Marco"]
[Black "Negro, Raffaele"]
[WhiteElo "1917"]
[BlackElo "1838"]
[Result "1-0"]
[PlyCount "67"]
[EventDate "2013.04.25"]

1. d4 b6 2. e4 Bb7 3. Nc3 e6 4. Bd2 g6 5. Nf3 Bg7 6. Bd3 d6 7. O-O Nd7 8. Ne2
Ne7 9. c4 O-O 10. Bc3 e5 11. Bc2 h6 12. Ng3 Qe8 13. Qe2 g5 14. Rfd1 Kh7 15. h4
f6 16. dxe5 Nxe5 17. h5 Ba6 18. b3 Bc8 19. Nd4 a6 20. Rf1 c5 21. Ndf5 Nxf5 22.
Nxf5 Bxf5 23. exf5 Qd7 24. Rad1 Rfe8 25. Qd2 Nf7 26. Rfe1 Rxe1+ 27. Rxe1 Re8
28. Re6 Qd8 29. Qd5 Kh8 30. Qc6 Rxe6 31. fxe6 Ne5 32. Qb7 a5 33. e7 Qe8 34.
Bxe5 1-0

[Event "XXXIV Moglianoscacchi B"]
[Site "Mogliano Veneto ITA"]
[Date "2013.04.28"]
[Round "6"]
[White "Poletti, Fausto"]
[Black "Girgenti, Giuseppe"]
[WhiteElo "1904"]
[BlackElo "1876"]
[Result "1/2-1/2"]
[PlyCount "64"]
[EventDate "2013.04.25"]

1. c4 Nf6 2. Nc3 c6 3. e4 d6 4. d4 g6 5. f3 Bg7 6. Be3 O-O 7. Qd2 a6 8. Bd3
Nbd7 9. Nge2 c5 10. O-O-O cxd4 11. Nxd4 Ne5 12. Kb1 Nxd3 13. Qxd3 Bd7 14. Nd5
Nxd5 15. cxd5 b5 16. Rc1 e6 17. dxe6 fxe6 18. Nc6 Bxc6 19. Rxc6 Qf6 20. Rc2
Rac8 21. Rhc1 Rfd8 22. Qd2 Rxc2 23. Rxc2 Qf8 24. Bg5 Bf6 25. Bxf6 Qxf6 26. Rc7
Qf8 27. Qc3 d5 28. Qe5 dxe4 29. Qxe6+ Kh8 30. Qe5+ Kg8 31. Qe6+ Kh8 32. Qe5+
Kg8 1/2-1/2

[Event "XXXIV Moglianoscacchi B"]
[Site "Mogliano Veneto ITA"]
[Date "2013.04.28"]
[Round "6"]
[White "Rampazzo, Loriano"]
[Black "Panican, Gheorghe"]
[WhiteElo "1748"]
[BlackElo "1983"]
[Result "1-0"]
[PlyCount "85"]
[EventDate "2013.04.25"]

1. Nf3 Nf6 2. b3 g6 3. Bb2 Bg7 4. e3 d6 5. d4 O-O 6. Bd3 Nbd7 7. O-O e5 8. Nbd2
Qe7 9. dxe5 dxe5 10. e4 Nh5 11. Re1 Nc5 12. Ba3 b6 13. Nc4 Bb7 14. g3 Rad8 15.
Qe2 Rfe8 16. Qe3 f6 17. Bxc5 bxc5 18. Na5 Ba8 19. Bc4+ Kh8 20. Bb5 Rf8 21. Nc6
Bxc6 22. Bxc6 Qe6 23. Bd5 Qb6 24. Bc4 Rfe8 25. Rad1 Bf8 26. Rxd8 Rxd8 27. Bd3
Ng7 28. a3 Ne6 29. Nd2 Qa5 30. Nc4 Qc3 31. Rd1 Nd4 32. Kg2 Kg8 33. Qd2 Qxd2 34.
Rxd2 Bh6 35. Rd1 Kf8 36. Na5 Rb8 37. Bc4 Rb6 38. c3 Nc2 39. Rd8+ Ke7 40. Rh8
Bd2 41. Rxh7+ Kd6 42. Bd5 c6 43. Nc4# 1-0

[Event "XXXIV Moglianoscacchi B"]
[Site "Mogliano Veneto ITA"]
[Date "2013.04.28"]
[Round "6"]
[White "Rosina, Graziano"]
[Black "Guidobene, Davide"]
[WhiteElo "1784"]
[BlackElo "1682"]
[Result "1/2-1/2"]
[PlyCount "70"]
[EventDate "2013.04.25"]

1. Nf3 Nf6 2. c4 e6 3. d4 Bb4+ 4. Bd2 Qe7 5. a3 Bxd2+ 6. Nbxd2 d6 7. e3 e5 8.
d5 O-O 9. e4 Na6 10. b4 Kh8 11. g3 Bg4 12. Bg2 Ng8 13. O-O Nh6 14. Qb3 Bd7 15.
Rfc1 f5 16. exf5 Bxf5 17. Nh4 Bg4 18. Qe3 b6 19. Ne4 Nf5 20. Nxf5 Bxf5 21. f3
h6 22. Bf1 Nb8 23. c5 Nd7 24. cxd6 cxd6 25. Rc7 Rfc8 26. Rac1 Rxc7 27. Rxc7 Qd8
28. Rc6 Bxe4 29. fxe4 Nb8 30. Rc2 Nd7 31. Qc1 a5 32. Bh3 Nf6 33. Bg2 Ng8 34. b5
Ne7 35. Bh3 Ra7 1/2-1/2

[Event "XXXIV Moglianoscacchi B"]
[Site "Mogliano Veneto ITA"]
[Date "2013.04.28"]
[Round "6"]
[White "Rossi, Gianni"]
[Black "Bozzao, Francesco"]
[WhiteElo "1822"]
[BlackElo "1857"]
[Result "0-1"]
[PlyCount "64"]
[EventDate "2013.04.25"]

1. d4 d5 2. e4 dxe4 3. Nc3 Nf6 4. f3 exf3 5. Nxf3 Bg4 6. h3 Bxf3 7. Qxf3 c6 8.
Qf2 e6 9. Bg5 Bb4 10. Bd3 h6 11. Qh4 Nbd7 12. O-O Bxc3 13. bxc3 Qa5 14. Bd2 g5
15. Qf2 Qc7 16. c4 a5 17. d5 cxd5 18. cxd5 O-O 19. c4 exd5 20. Qd4 Ne4 21. Bxe4
dxe4 22. Bc3 Qc5 23. Qxc5 Nxc5 24. Rf6 Ra6 25. Rxa6 bxa6 26. Bxa5 Rc8 27. Rf1
Nd3 28. Rf6 Rxc4 29. Rxh6 Rc1+ 30. Kh2 e3 31. Rxa6 e2 32. Ra8+ Kh7 0-1

[Event "XXXIV Moglianoscacchi B"]
[Site "Mogliano Veneto ITA"]
[Date "2013.04.28"]
[Round "6"]
[White "Stefan, Marco"]
[Black "Sotter-Klundt, Gerlinde"]
[WhiteElo "1840"]
[BlackElo "1803"]
[Result "1-0"]
[PlyCount "95"]
[EventDate "2013.04.25"]

1. e4 e6 2. d4 d5 3. Nd2 Nf6 4. e5 Nfd7 5. Bd3 c5 6. c3 Nc6 7. Ne2 cxd4 8. cxd4
Qb6 9. Nf3 Be7 10. O-O O-O 11. Nc3 f6 12. exf6 Nxf6 13. a3 Kh8 14. Be3 a6 15.
Qd2 Qd8 16. Bc2 Qe8 17. Qd3 Qh5 18. Ne2 Ne4 19. Ng3 Nxg3 20. fxg3 Bd7 21. g4
Qg6 22. Qxg6 hxg6 23. Bxg6 Rf6 24. Bd3 Bd6 25. g5 Rff8 26. Nh4 Kg8 27. Ng6
Rxf1+ 28. Rxf1 Be8 29. h4 Bxg6 30. Bxg6 Rf8 31. Rxf8+ Kxf8 32. h5 Ne7 33. Bd3
Nf5 34. Bxf5 exf5 35. Kf2 Kf7 36. Kf3 Ke6 37. Bf4 Bf8 38. h6 gxh6 39. gxh6 Kf7
40. g4 fxg4+ 41. Kxg4 Kg6 42. Be3 Bd6 43. Kf3 Bf8 44. Bf4 Be7 45. Kg3 Bf8 46.
Kg4 Be7 47. h7 Kxh7 48. Kf5 1-0

[Event "XXXIV Moglianoscacchi B"]
[Site "Mogliano Veneto ITA"]
[Date "2013.04.28"]
[Round "6"]
[White "Viviani, Bruno"]
[Black "Dai Zotti, Marco"]
[WhiteElo "1729"]
[BlackElo "1646"]
[Result "1-0"]
[PlyCount "66"]
[EventDate "2013.04.25"]

1. d4 d5 2. Nc3 Nf6 3. Bg5 Nc6 4. Nf3 Bg4 5. Qd3 e6 6. Ne5 Nxe5 7. dxe5 c6 8.
exf6 gxf6 9. Bh4 Be7 10. e4 Bh5 11. exd5 Bg6 12. Qe2 cxd5 13. Qb5+ Kf8 14. Bd3
f5 15. Bxe7+ Qxe7 16. O-O-O a6 17. Qa4 Kg7 18. Rhe1 Qd6 19. f4 Rhc8 20. h3 d4
21. Ne2 Bh5 22. g4 fxg4 23. hxg4 Bxg4 24. Rg1 h5 25. Qxd4+ Qxd4 26. Nxd4 Kf6
27. Be2 Bxe2 28. Nxe2 Rh8 29. Nd4 Rac8 30. Rd3 h4 31. Rh3 Rhd8 32. Nf3 Rc4 33.
Rxh4 Rd7 1-0

[Event "LVIII C.to Torinese Assoluto Semifinale"]
[Site "Torino ITA"]
[Date "2013.05.13"]
[Round "2"]
[White "Di Chiara, Mauro"]
[Black "Pulito, Alberto"]
[WhiteElo "1958"]
[BlackElo "2263"]
[Result "0-1"]
[PlyCount "74"]
[EventDate "2013.05.06"]

1. Nf3 e6 2. c4 f5 3. d4 Nf6 4. g3 Be7 5. Bg2 O-O 6. O-O d6 7. b3 a5 8. Bb2 Nc6
9. a3 Qe8 10. d5 Nd8 11. dxe6 Nxe6 12. Nc3 f4 13. Nd5 Bd8 14. Nd4 fxg3 15. hxg3
Qh5 16. Nxf6+ Bxf6 17. Bd5 Kh8 18. Bxe6 Bxe6 19. Nxe6 Bxb2 20. Nxf8 Rxf8 21.
Rb1 Bxa3 22. Kg2 Bc5 23. e3 Qf5 24. Qd5 Qc2 25. Qe6 h6 26. Rbc1 Qxb3 27. Rb1
Qc2 28. Rxb7 Bb6 29. Qe7 Ra8 30. Qe6 Rf8 31. Qe7 Ra8 32. Qe6 a4 33. Rh1 Rf8 34.
Rxh6+ gxh6 35. Qxh6+ Kg8 36. Qe6+ Kg7 37. Qg4+ Qg6 0-1

[Event "LVIII C.to Torinese Assoluto Semifinale"]
[Site "Torino ITA"]
[Date "2013.05.13"]
[Round "2"]
[White "Gallucci, Alessio"]
[Black "Vozza, Nicola"]
[WhiteElo "2211"]
[BlackElo "1880"]
[Result "1-0"]
[PlyCount "48"]
[EventDate "2013.05.06"]

1. Nf3 Nf6 2. d4 d5 3. e3 c5 4. c3 Nc6 5. dxc5 g6 6. b4 Bg7 7. Bb2 Ne4 8. a3
O-O 9. Qc2 a5 10. Nd4 e5 11. Nxc6 bxc6 12. Nd2 Nxd2 13. Qxd2 d4 14. Rd1 Be6 15.
Bd3 Qg5 16. Be4 f5 17. Bxc6 Bc4 18. cxd4 e4 19. Qc3 Bd3 20. Rxd3 exd3 21. Bxa8
Rxa8 22. O-O axb4 23. axb4 f4 24. exf4 Qxf4 1-0

[Event "LVIII C.to Torinese Assoluto Semifinale"]
[Site "Torino ITA"]
[Date "2013.05.20"]
[Round "3"]
[White "Parisi, Gianmario"]
[Black "Gallucci, Alessio"]
[WhiteElo "1786"]
[BlackElo "2211"]
[Result "0-1"]
[PlyCount "128"]
[EventDate "2013.05.06"]

1. e4 e6 2. d4 d5 3. Nc3 Nf6 4. Bg5 dxe4 5. Nxe4 Be7 6. Bxf6 gxf6 7. Nf3 b6 8.
Bb5+ c6 9. Bd3 Bb7 10. Qe2 Nd7 11. O-O-O Qc7 12. Rhe1 O-O-O 13. Ba6 Rhg8 14.
Bxb7+ Kxb7 15. g3 b5 16. Kb1 Nb6 17. Ned2 a6 18. Nb3 Na4 19. Qe4 Ba3 20. Nc5+
Bxc5 21. dxc5 f5 22. Qe3 Rg4 23. Qe5 Qxe5 24. Nxe5 Re4 25. Nxf7 Rxe1 26. Rxe1
Rd2 27. Rf1 Nxc5 28. Kc1 Rd7 29. Ne5 Rd5 30. f4 Rd4 31. Re1 h5 32. Re2 Ne4 33.
Nf3 Ra4 34. a3 b4 35. Re3 bxa3 36. Rxa3 Rxa3 37. bxa3 Kc7 38. Ng5 Nc5 39. Kd2
Kd6 40. Ke3 Kd5 41. h3 Nd7 42. Kd3 Nb6 43. Kc3 Nc4 44. a4 Ne3 45. Kd3 Nf1 46.
c4+ Kd6 47. g4 fxg4 48. hxg4 hxg4 49. Nf7+ Kc5 50. Ne5 g3 51. Ke2 g2 52. Kf2
Ne3 53. Nf3 Nxc4 54. Kxg2 Nb2 55. a5 Nc4 56. Ng5 Kd5 57. Kf3 Nxa5 58. Ne4 Nb3
59. Ke3 c5 60. Nf6+ Kc4 61. Ne8 Nd4 62. Nc7 a5 63. Ke4 a4 64. Ke5 a3 0-1

[Event "LVIII C.to Torinese Assoluto Semifinale"]
[Site "Torino ITA"]
[Date "2013.05.20"]
[Round "3"]
[White "Pulito, Alberto"]
[Black "De Barberis, Massimo"]
[WhiteElo "2263"]
[BlackElo "2100"]
[Result "1-0"]
[PlyCount "97"]
[EventDate "2013.05.06"]

1. e4 d6 2. Nf3 c5 3. Bb5+ Nc6 4. Bxc6+ bxc6 5. O-O e5 6. c3 Nf6 7. d4 Qc7 8.
dxe5 dxe5 9. Qe2 Be7 10. c4 O-O 11. b3 Rd8 12. Nc3 Nd7 13. Qe3 f6 14. Na4 Ba6
15. Ba3 Qa5 16. Rfc1 Bf8 17. Qc3 Qxc3 18. Rxc3 Kf7 19. Ne1 Nb6 20. Nb2 Rd4 21.
f3 Rad8 22. Ned3 Nd7 23. Re1 g6 24. Re2 Bc8 25. Kf2 Be7 26. Ke1 Nf8 27. Nxc5
Bxc5 28. Bxc5 R4d7 29. Bxf8 Kxf8 30. Kf2 Ke7 31. h4 Ke6 32. Rcc2 f5 33. exf5+
gxf5 34. Rc1 f4 35. Na4 Rd2 36. Nc5+ Ke7 37. Rc2 Rxc2 38. Rxc2 Bf5 39. Re2 Kf6
40. Ke1 Rg8 41. Kf2 Rg6 42. b4 Rh6 43. b5 cxb5 44. cxb5 Rxh4 45. Rd2 Ke7 46.
Rd5 Rh5 47. Rxe5+ Kd6 48. Nd3 Rg5 49. Rc5 1-0

[Event "LVIII C.to Torinese Assoluto Semifinale"]
[Site "Torino ITA"]
[Date "2013.05.27"]
[Round "4"]
[White "De Barberis, Massimo"]
[Black "Parisi, Gianmario"]
[WhiteElo "2100"]
[BlackElo "1786"]
[Result "1-0"]
[PlyCount "77"]
[EventDate "2013.05.06"]

1. e4 c5 2. Nf3 g6 3. c3 Bg7 4. d4 cxd4 5. cxd4 d5 6. e5 Bg4 7. Be3 Nc6 8. Nbd2
Nh6 9. Bb5 O-O 10. Bxc6 bxc6 11. O-O Nf5 12. Rc1 Nxe3 13. fxe3 Bh6 14. Qe2 Qb6
15. h3 Bd7 16. Nb3 a5 17. Nc5 Bc8 18. Ne1 Ba6 19. Ned3 Bxd3 20. Nxd3 Rab8 21.
Rc2 e6 22. Nc5 Qa7 23. b3 Qe7 24. Rf3 Rb5 25. Qf1 Rb4 26. Qa6 Qh4 27. Rcf2 a4
28. Nxa4 Qe4 29. Nc5 Qb1+ 30. Rf1 Qb2 31. Nxe6 Bxe3+ 32. Kh1 Rbb8 33. Nxf8 Rxf8
34. Qxc6 Qxd4 35. e6 Bg5 36. Rxf7 Be7 37. Qd7 Qc5 38. Rxf8+ Bxf8 39. Qf7+ 1-0

[Event "LVIII C.to Torinese Assoluto Semifinale"]
[Site "Torino ITA"]
[Date "2013.05.27"]
[Round "4"]
[White "Fassio, Luca"]
[Black "Castelli, Giovanni J."]
[WhiteElo "2116"]
[BlackElo "1820"]
[Result "1-0"]
[PlyCount "127"]
[EventDate "2013.05.06"]

1. e4 e5 2. Nf3 Nc6 3. Bc4 Bc5 4. c3 Nf6 5. b4 Bb6 6. d3 d6 7. a4 a6 8. O-O Ne7
9. Nbd2 O-O 10. Bb3 Ng6 11. Nc4 Ba7 12. Be3 h6 13. Bxa7 Rxa7 14. a5 Ra8 15. Re1
Re8 16. Qc2 Bg4 17. Ncd2 Qd7 18. d4 Rad8 19. Rad1 Qc8 20. Re3 Nf4 21. Nf1 c5
22. dxc5 dxc5 23. Rxd8 Qxd8 24. g3 Nh3+ 25. Kg2 Bxf3+ 26. Rxf3 Ng5 27. Re3 Qc8
28. f3 Qh3+ 29. Kg1 Qh5 30. Qe2 cxb4 31. cxb4 Rc8 32. h4 Ngh7 33. Rd3 g5 34.
Qh2 g4 35. Bd1 Rc4 36. fxg4 Qg6 37. Nd2 Rxb4 38. h5 Qg5 39. Qe2 Rb5 40. Ra3 Nd7
41. Nc4 Qc1 42. Qc2 Qg5 43. Nd6 Rc5 44. Rc3 Rxc3 45. Qxc3 Nhf6 46. Nf5 Kh7 47.
Qf3 Qd2 48. Ne7 Qd4+ 49. Kh2 Qxe4 50. Qb3 Kg7 51. Nf5+ Kf8 52. Qa3+ Kg8 53.
Nxh6+ Kg7 54. g5 Nd5 55. Qd6 Nc5 56. Qxc5 Ne3 57. Nf5+ Nxf5 58. Qb6 Qc6 59.
Qxc6 bxc6 60. Be2 Nd4 61. Bxa6 Nb3 62. h6+ Kg8 63. Bc4 Nxa5 64. g6 1-0

[Event "LVIII C.to Torinese Assoluto Semifinale"]
[Site "Torino ITA"]
[Date "2013.06.03"]
[Round "5"]
[White "Quirico, Paolo"]
[Black "Vozza, Nicola"]
[WhiteElo "2121"]
[BlackElo "1880"]
[Result "1/2-1/2"]
[PlyCount "93"]
[EventDate "2013.05.06"]

1. c4 e6 2. g3 Nf6 3. Bg2 d5 4. Nf3 Be7 5. O-O O-O 6. b3 Nc6 7. Bb2 a5 8. Nc3
Ne4 9. Nb5 Nd6 10. cxd5 exd5 11. Nxd6 Qxd6 12. Rc1 a4 13. Nd4 Nxd4 14. Bxd4 c6
15. Bc5 Qd8 16. bxa4 Re8 17. e3 Qa5 18. Bxe7 Rxe7 19. d4 Re8 20. Re1 Qxa4 21.
Qxa4 Rxa4 22. e4 dxe4 23. Bxe4 Rxd4 24. Bxc6 Red8 25. Bf3 Be6 26. a3 Rd3 27.
Red1 Rxd1+ 28. Rxd1 Rxd1+ 29. Bxd1 Bd5 30. f4 f6 31. Kf2 Kf7 32. Ke3 Ke6 33.
Kd4 Kd6 34. Bc2 g6 35. h4 b6 36. g4 h5 37. Bxg6 hxg4 38. h5 g3 39. Ke3 Ke7 40.
Bf5 Kf8 41. Ke2 Kg7 42. Bg4 Kh6 43. Kf1 Be4 44. Kg1 Bd5 45. Kf1 Be4 46. Kg1 Bd5
47. Kf1 1/2-1/2

[Event "LVIII C.to Torinese Assoluto Semifinale"]
[Site "Torino ITA"]
[Date "2013.06.10"]
[Round "6"]
[White "Fassio, Luca"]
[Black "Pulito, Alberto"]
[WhiteElo "2116"]
[BlackElo "2263"]
[Result "1/2-1/2"]
[PlyCount "94"]
[EventDate "2013.05.06"]

1. e4 c5 2. c3 g6 3. d4 cxd4 4. cxd4 d5 5. e5 Nc6 6. Nc3 Bg7 7. Bb5 Nh6 8. Nge2
O-O 9. O-O Nf5 10. Be3 f6 11. exf6 Bxf6 12. Rc1 e6 13. Na4 Qa5 14. Bxc6 bxc6
15. a3 Ba6 16. Nc5 Nxe3 17. fxe3 Bg5 18. Rxf8+ Rxf8 19. Rc3 Qb5 20. Nxa6 Qxa6
21. g3 Qb6 22. Qc2 e5 23. Kg2 exd4 24. Rxc6 d3 25. Rxb6 dxc2 26. Rc6 Bxe3 27.
Rxc2 Rf2+ 28. Kh3 d4 29. Rc8+ Kf7 30. Nf4 Rxb2 31. Rc7+ Kf6 32. Kg4 Rf2 33.
Rxh7 a5 34. Ra7 Rxh2 35. Rxa5 Ra2 36. Kf3 Bc1 37. Ke4 Bxa3 38. Ra6+ Kf7 39.
Nxg6 Ra1 40. Ne5+ Kg7 41. Nf3 Bb2 42. Rxa1 Bxa1 43. Nxd4 Bxd4 44. Kxd4 Kg6 45.
Ke4 Kg5 46. Kf3 Kf5 47. g4+ Kg5 1/2-1/2

[Event "LVIII C.to Torinese Assoluto Semifinale"]
[Site "Torino ITA"]
[Date "2013.06.10"]
[Round "6"]
[White "Gallucci, Alessio"]
[Black "Quirico, Paolo"]
[WhiteElo "2211"]
[BlackElo "2121"]
[Result "1-0"]
[PlyCount "79"]
[EventDate "2013.05.06"]

1. d4 e6 2. g4 c5 3. Bg2 d5 4. Nf3 Nc6 5. Bg5 Be7 6. Bxe7 Ngxe7 7. c3 cxd4 8.
cxd4 Bd7 9. Nc3 Rc8 10. e3 Qb6 11. O-O h5 12. g5 h4 13. Bh3 Ng6 14. Qd3 Nce7
15. Rfc1 a6 16. Rc2 O-O 17. Rac1 f6 18. Nxd5 Nxd5 19. Rxc8 Bxc8 20. Qxg6 Bd7
21. b3 fxg5 22. Ne5 Rf6 23. Qxg5 Qd8 24. Rc5 Bc6 25. Bxe6+ Kf8 26. Bxd5 Bxd5
27. Ng6+ Kg8 28. Rxd5 Qc7 29. Nf4 Qc1+ 30. Kg2 Qc6 31. Kg1 Qc1+ 32. Kg2 Qc6 33.
e4 h3+ 34. Kxh3 Qc3+ 35. Kg2 Qc7 36. Rf5 Rh6 37. h3 Qb6 38. Rd5 Rf6 39. e5 Rf8
40. Rd6 1-0

[Event "LVIII C.to Torinese Assoluto Semifinale"]
[Site "Torino ITA"]
[Date "2013.06.17"]
[Round "7"]
[White "De Barberis, Massimo"]
[Black "Fassio, Luca"]
[WhiteElo "2100"]
[BlackElo "2116"]
[Result "0-1"]
[PlyCount "90"]
[EventDate "2013.05.06"]

1. e4 g6 2. d4 Bg7 3. Nc3 c6 4. f4 d5 5. e5 h5 6. Nf3 Bg4 7. Be3 Nh6 8. h3 Bxf3
9. Qxf3 Nf5 10. Bf2 h4 11. Bd3 e6 12. Bxf5 exf5 13. O-O-O Na6 14. g4 hxg3 15.
Bxg3 Nc7 16. h4 Rh5 17. Ne2 Ne6 18. Bf2 Qa5 19. a3 O-O-O 20. Ng3 Rh7 21. h5
Rdh8 22. Kb1 b5 23. c3 Qb6 24. Be3 a5 25. Rhg1 Kd7 26. hxg6 fxg6 27. Ne2 Nf8
28. Nc1 Rh6 29. Nd3 Ne6 30. Rg3 Qd8 31. Rdg1 Qe8 32. b3 Bf8 33. c4 bxc4 34.
bxc4 dxc4 35. Nc5+ Bxc5 36. dxc5 Ke7 37. Ka1 Nc7 38. Bd2 a4 39. Qc3 Qf7 40. Qa5
Nb5 41. Qb6 Qd5 42. Qb7+ Qd7 43. Rxg6 Rxg6 44. Qxd7+ Kxd7 45. Rxg6 c3 0-1

[Event "LVIII C.to Torinese Assoluto Semifinale"]
[Site "Torino ITA"]
[Date "2013.06.17"]
[Round "7"]
[White "Vozza, Nicola"]
[Black "Di Chiara, Mauro"]
[WhiteElo "1880"]
[BlackElo "1958"]
[Result "0-1"]
[PlyCount "70"]
[EventDate "2013.05.06"]

1. d4 g6 2. e4 Bg7 3. c3 d6 4. Bd3 Nf6 5. h3 O-O 6. Nf3 Nc6 7. Be3 e5 8. d5 Ne7
9. Na3 c6 10. dxc6 bxc6 11. Nc4 Qc7 12. Qe2 Nxe4 13. Bxe4 d5 14. Bd3 e4 15.
Bxe4 dxe4 16. Nfd2 f5 17. g3 Nd5 18. Bc5 Rd8 19. O-O Ba6 20. Rfd1 Rab8 21. Ba3
e3 22. fxe3 Qxg3+ 23. Qg2 Qxg2+ 24. Kxg2 Rd7 25. Re1 Rbd8 26. Kf3 Nxc3 27. bxc3
Bxc3 28. Rab1 Bxd2 29. Nxd2 Rxd2 30. Bc5 Bd3 31. Rb7 g5 32. Rg1 Be4+ 33. Kg3 h5
34. h4 f4+ 35. Kh3 Bf5+ 0-1

[Event "III Open del Martedi' B"]
[Site "Torino ITA"]
[Date "2013.09.17"]
[Round "1"]
[White "Castelli, Giovanni J."]
[Black "Tondo, Stefano"]
[WhiteElo "1818"]
[BlackElo "1751"]
[Result "1-0"]
[PlyCount "47"]
[EventDate "2013.09.17"]

1. c4 e5 2. Nc3 Nf6 3. Nf3 d6 4. g3 Be7 5. Bg2 Nbd7 6. O-O O-O 7. d4 c6 8. e4
Qc7 9. b3 a6 10. Bb2 b5 11. cxb5 cxb5 12. Rc1 Qa7 13. Re1 Rb8 14. dxe5 Ng4 15.
Qd4 Qxd4 16. Nxd4 Ndxe5 17. Nd5 Bg5 18. Rcd1 Bh6 19. f4 Ng6 20. h3 Nf6 21.
Nxf6+ gxf6 22. Nc6 Rb7 23. Rxd6 Bd7 24. Ne7+ 1-0

[Event "III Open del Martedi' B"]
[Site "Torino ITA"]
[Date "2013.09.17"]
[Round "1"]
[White "Femia, Nicola"]
[Black "Gastaldi, Franco"]
[WhiteElo "1828"]
[BlackElo "1737"]
[Result "1-0"]
[PlyCount "95"]
[EventDate "2013.09.17"]

1. d4 d5 2. c4 e5 3. e3 dxc4 4. Bxc4 exd4 5. exd4 Nf6 6. Nf3 Bb4+ 7. Nc3 O-O 8.
O-O Bg4 9. Be3 c6 10. h3 Bh5 11. g4 Bxc3 12. bxc3 Bg6 13. Ne5 Be4 14. Bg5 Qd6
15. Qe1 Bd5 16. Bxf6 Qxf6 17. Bxd5 cxd5 18. Rb1 b6 19. f4 Re8 20. Qf2 Nc6 21.
Qf3 Nxe5 22. fxe5 Qxf3 23. Rxf3 Rac8 24. Rbf1 Re7 25. g5 Rec7 26. Kg2 a6 27. h4
g6 28. Rf6 Rxc3 29. Rxf7 Rc2+ 30. R1f2 Rxf2+ 31. Rxf2 Rf8 32. Rf6 b5 33. e6 Re8
34. Kf2 Re7 35. Ke3 b4 36. Kd3 Rc7 37. Kd2 Kg7 38. Rf3 Re7 39. Re3 Kf8 40. Re5
Ke8 41. Kd3 Kd8 42. Rxd5+ Kc7 43. Re5 Kd6 44. Kc4 Rxe6 45. Kxb4 Rxe5 46. dxe5+
Kxe5 47. Ka5 Kd6 48. Kxa6 1-0

[Event "III Open del Martedi' B"]
[Site "Torino ITA"]
[Date "2013.09.17"]
[Round "1"]
[White "Gussone, Claudio"]
[Black "Plenzick, Angelo"]
[WhiteElo "1763"]
[BlackElo "1752"]
[Result "0-1"]
[PlyCount "138"]
[EventDate "2013.09.17"]

1. Nf3 d5 2. g3 f5 3. Bg2 e6 4. c4 c6 5. O-O Nf6 6. b3 Be7 7. Bb2 O-O 8. cxd5
exd5 9. d3 Re8 10. Nbd2 Bf8 11. e3 Na6 12. Ne5 g6 13. f4 Bg7 14. Ndf3 Ng4 15.
Re1 Nxe5 16. Nxe5 Qd6 17. d4 Nc7 18. Rc1 Bd7 19. Qc2 Re7 20. a4 Ree8 21. Bf1
Red8 22. Qc3 Bf8 23. Nd3 Ne6 24. Nc5 Nxc5 25. dxc5 Qe6 26. Qh8+ Kf7 27. Qxh7+
Ke8 28. Qh8 Bc8 29. Rcd1 Rd7 30. Bg2 Qe7 31. b4 Qh7 32. Qxh7 Rxh7 33. h4 a6 34.
Bf6 a5 35. b5 Bxc5 36. bxc6 bxc6 37. Rc1 Bb4 38. Bc3 Bd7 39. Re2 Re7 40. Kf2
Kf7 41. Bd4 Rc8 42. Bc5 Bxc5 43. Rxc5 Ra8 44. Bf3 Ra7 45. h5 gxh5 46. Bxh5+ Kf8
47. Rb2 Rh7 48. Rb8+ Kg7 49. Bf3 Rh2+ 50. Bg2 Kf7 51. Kf1 Ke6 52. Rc2 Kd6 53.
Ra2 Be6 54. Rab2 Bd7 55. R8b6 Kc5 56. Kg1 Rh8 57. Bf1 Re8 58. Kf2 Re4 59. Rb7
Rxb7 60. Rxb7 Kd6 61. Ra7 Rxa4 62. Bd3 Be6 63. Ra6 Ra2+ 64. Kf3 Bd7 65. Bb1 Ra1
66. Bc2 Ra2 67. Bb3 Ra3 68. Bc2 d4 69. Kf2 Ra2 0-1

[Event "III Open del Martedi' B"]
[Site "Torino ITA"]
[Date "2013.09.17"]
[Round "1"]
[White "Leoni, Alessandro"]
[Black "Blundo, Michele"]
[WhiteElo "1865"]
[BlackElo "1688"]
[Result "1-0"]
[PlyCount "58"]
[EventDate "2013.09.17"]

1. e4 c5 2. Nf3 d6 3. d4 cxd4 4. Nxd4 Nf6 5. Nc3 e6 6. g3 a6 7. Bg2 Be7 8. O-O
O-O 9. Re1 e5 10. Nf5 Bxf5 11. exf5 Nc6 12. Bg5 Rc8 13. Bxf6 Bxf6 14. Ne4 Nd4
15. c3 Nxf5 16. Bh3 g6 17. Qf3 Bg7 18. Bxf5 gxf5 19. Qxf5 h6 20. Rad1 Rc6 21.
Rd5 Re8 22. Red1 Re6 23. c4 b6 24. h4 Qe7 25. b4 Rxc4 26. Nxd6 Rf6 27. Qd3 Rxb4
28. Nf5 Qc7 29. Rd8+ Bf8 1-0

[Event "III Open del Martedi' B"]
[Site "Torino ITA"]
[Date "2013.09.24"]
[Round "2"]
[White "Blundo, Michele"]
[Black "Plenzick, Angelo"]
[WhiteElo "1688"]
[BlackElo "1752"]
[Result "1-0"]
[PlyCount "93"]
[EventDate "2013.09.17"]

1. d4 d5 2. Nf3 f5 3. g3 e6 4. Bg2 c6 5. O-O Nf6 6. Nbd2 Be7 7. c4 O-O 8. b3
Ne4 9. Bb2 Nd7 10. Ne5 Nxe5 11. dxe5 Nxd2 12. Qxd2 Bd7 13. Rad1 Rc8 14. cxd5
cxd5 15. Bxd5 Bg5 16. e3 exd5 17. Qxd5+ Rf7 18. f4 Bc6 19. Qc4 Qb6 20. Bd4 Qb5
21. fxg5 Qxc4 22. bxc4 b6 23. Bc3 Ba4 24. Rd4 b5 25. e6 Re7 26. Rd7 Rxd7 27.
exd7 Rd8 28. Rxf5 bxc4 29. Ra5 Bxd7 30. Rxa7 g6 31. Rc7 Bf5 32. Rxc4 Rd3 33.
Bd4 Rd1+ 34. Kf2 Rd2+ 35. Kf3 Rxa2 36. h4 Bh3 37. e4 Bg2+ 38. Kf4 Bh3 39. g4
Ra8 40. h5 Rf8+ 41. Bf6 gxh5 42. gxh5 Be6 43. Rc7 Bf7 44. e5 Re8 45. g6 hxg6
46. hxg6 Be6 47. Rh7 1-0

[Event "III Open del Martedi' B"]
[Site "Torino ITA"]
[Date "2013.09.24"]
[Round "2"]
[White "Gastaldi, Franco"]
[Black "Castelli, Giovanni"]
[WhiteElo "1737"]
[BlackElo "1610"]
[Result "0-1"]
[PlyCount "41"]
[EventDate "2013.09.17"]

1. d4 e6 2. e4 d5 3. Nc3 dxe4 4. f3 exf3 5. Nxf3 Nf6 6. Bg5 Be7 7. Bd3 O-O 8.
O-O Nc6 9. Bb5 Nb4 10. a3 Nbd5 11. Qe1 Nxc3 12. bxc3 c5 13. Bd3 Qc7 14. Ne5 Nd5
15. Qh4 h6 16. Nxf7 Rxf7 17. Rxf7 Bxg5 18. Qe4 Qxf7 19. Qh7+ Kf8 20. Rf1 Nf6
21. Bg6 0-1

[Event "III Open del Martedi' B"]
[Site "Torino ITA"]
[Date "2013.09.24"]
[Round "2"]
[White "Leoni, Alessandro"]
[Black "Femia, Nicola"]
[WhiteElo "1865"]
[BlackElo "1828"]
[Result "1-0"]
[PlyCount "66"]
[EventDate "2013.09.17"]

1. e4 e6 2. d4 d5 3. Nc3 Nf6 4. Bg5 Be7 5. e5 Nfd7 6. Bxe7 Qxe7 7. f4 Nc6 8.
Nf3 a6 9. Qd2 Nb6 10. O-O-O Bd7 11. a3 O-O-O 12. Bd3 f6 13. g4 fxe5 14. dxe5 g6
15. h4 Rdf8 16. h5 Be8 17. f5 gxf5 18. gxf5 exf5 19. Qf4 Rhg8 20. Rdg1 Bd7 21.
Rxg8 Rxg8 22. Bxf5 Kb8 23. Bxd7 Qxd7 24. Nd4 Nxd4 25. Qxd4 Rd8 26. a4 Qe7 27.
a5 c5 28. Qf4 Rf8 29. Qe3 Nc4 30. Nxd5 Qf7 31. e6 Qf5 32. e7 Re8 33. Nf6 Qe6
1-0

[Event "III Open del Martedi' B"]
[Site "Torino ITA"]
[Date "2013.09.24"]
[Round "2"]
[White "Tondo, Stefano"]
[Black "Gussone, Claudio"]
[WhiteElo "1751"]
[BlackElo "1763"]
[Result "0-1"]
[PlyCount "64"]
[EventDate "2013.09.17"]

1. e4 d5 2. exd5 Qxd5 3. Nc3 Qa5 4. d4 c6 5. Nf3 Nf6 6. Bd2 Qc7 7. Bc4 Bg4 8.
Bxf7+ Kxf7 9. Ne5+ Qxe5+ 10. dxe5 Bxd1 11. Rxd1 Nd5 12. Ne4 e6 13. Ng5+ Ke7 14.
c4 h6 15. Ne4 Nb6 16. Bb4+ Ke8 17. Bxf8 Rxf8 18. Nd6+ Ke7 19. O-O N8d7 20. f4
Rab8 21. Rd3 Nc8 22. Ne4 Ndb6 23. Rfd1 Rxf4 24. Rd8 Rxe4 25. Rg8 Rxe5 26. Rdd8
c5 27. Rde8+ Kf7 28. b3 Ra8 29. Rh8 Kg6 30. g4 h5 31. gxh5+ Rxh5 32. Rhf8 Re5
0-1